Panduan latihan mengajar

Bibliographic Details
Other Authors: Abdul Aziz Abdul Talib, Abdul Ghafar Md.Din, Abdul Rahim Abdul Rashid, Mohamad Haron
Format: Book
Published: Kuala Lumpur : DBP , 1992
Subjects:

MARC

LEADER 00000cam a2200000 7i4500
001 0000005261
002 000005684
005 20000330.0
020 |a 9836227350 
090 0 0 |a 370.733   |b PAN 
245 0 0 |a Panduan latihan mengajar   |c Abdul Rahim Abdul Rashid...(et al.) 
260 |a Kuala Lumpur :   |b DBP ,   |c 1992 
300 |a 172p. ;   |c 21cm. 
650 0 0 |a Education   |x Study and teaching 
650 0 0 |a Teachers   |x Training of 
700 0 |a Abdul Aziz Abdul Talib 
700 0 |a Abdul Ghafar Md.Din 
700 0 |a Abdul Rahim Abdul Rashid 
700 0 |a Mohamad Haron 
999 |a 037827   |b BUKU   |c PINJAMAN   |e PERPUSTAKAAN KOMUNITI PETALING JAYA